المهدي و الآيات التي تظهر في زمانه / (رقم التسجيلة. 18157)

تفاصيل مارك
000 -الفاتح
عناصر البيانات ثابتة الطول 00663cam a2200181 i 4500
005 - تاريخ ووقت آخر معاملة
حقل ضبط 20251204120634.0
008 - عناصر البيانات ثابتة الطول
عناصر البيانات ثابتة الطول 250721s2002 jo gr 000 0 ara d
082 14 - رقم تصنيف ديوي العشري
رقم التصنيف 214.5
رقم المادة ع ب د
100 1# - مدخل رئيسي – اسم شخصي
الاسم الشخصي عبد المنان، عكاشة
علاقة الشخص بالعمل/ دوره مؤلف.
245 12 - بيان العنوان
العنوان المهدي و الآيات التي تظهر في زمانه /
بيان المسؤولية عكاشه عبد المنان.
250 ## - بيان الطبعة
بيان الطبعة الطبعة الاولى.
264 31 - بيانات النشر، التوزيع…إلخ
مكان النشر، التوزيع...إلخ الزرقاء :
اسم الناشر، الموزع...إلخ مكتبة الأمام علي للنشر و التوزيع،
تاريخ النشر، التوزيع...إلخ 2002.
300 ## - الوصف المادي
عدد الوحدات المكونة للوعاء 98 صفحة.
650 17 - مدخل إضافي بالموضوع - مصطلح موضوعي
مصطلح موضوعي أو اسم جغرافي كعنصر مدخل الحياة الآخرة.
650 17 - مدخل إضافي بالموضوع - مصطلح موضوعي
مصطلح موضوعي أو اسم جغرافي كعنصر مدخل علامات الساعة.
942 ## - بيانات إضافية (كوها)
نوع التنصيف Dewey Decimal Classification
نوع المادة (كوها) كتب
المقتنيات
حالة السحب حالة الفقدان مصدر التصنيف حالة التلف غير قابل للإعارة المكتبة الرئيسية المكتبة الحالية موقع الرف تاريخ التزويد الرقم المتسلسل Total Checkouts رقم الإستدعاء تاريخ آخر ظهور تاريخ الفاتورة نوع المادة (كوها) الباركود العملة
    Dewey Decimal Classification Unchecked   المكتبة المركزية المكتبة المركزية الإعارة 06/07/2004 486143   214.5/عبد 28/07/2025 06/07/2004 كتب    
    Dewey Decimal Classification     المكتبة المركزية المكتبة المركزية الإعارة 04/12/2025 486140   214.5 / ع ب د 04/12/2025 04/12/2025 كتب 486140 JOD
    Dewey Decimal Classification     مكتبة أم قصير والمقابلين العامة مكتبة أم قصير والمقابلين العامة الإعارة 06/07/2004 486160   214.5/عبد 28/07/2025 06/07/2004 كتب 486160  
    Dewey Decimal Classification Unchecked   مكتبة الجويدة مكتبة الجويدة الإعارة 28/07/2025 486156   214.5/عبد 28/07/2025 28/07/2025 كتب    
    Dewey Decimal Classification Unchecked   مكتبة الحسن العامة مكتبة الحسن العامة الإعارة 06/07/2004 486157   214.5/عبد 28/07/2025 06/07/2004 كتب    
    Dewey Decimal Classification     مكتبة حمزة العامة مكتبة حمزة العامة الإعارة 08/06/2015 [486158].   214.5/عبد 28/07/2025 08/06/2015 كتب PLD00329515  
    Dewey Decimal Classification     مكتبة صويلح العامة مكتبة صويلح العامة الإعارة 06/07/2004 486153   214.5/عبد 28/07/2025 06/07/2004 كتب 486153  
    Dewey Decimal Classification Unchecked   مكتبة وادي السير العامة مكتبة وادي السير العامة الإعارة 06/07/2004 486162   214.5/عبد 28/07/2025 06/07/2004 كتب    
Implemented & Customized by: BBB with SCIT (Smart Chains for Information Technology)

Powered by Koha